Zapojenie SR do medzinárodnej spolupráce v oblasti informačnej spoločnosti v doprave
Výskumný ústav dopravný a zapojenie SR do medzinárodnej spolupráce. Príprava niekoľkých medzinárodných projektov. Stručný popis a charakteristika projektov CONNECT, ACCESS, IAGALA.
Salvato in:
| Autore principale: | |
|---|---|
| Natura: | Capitolo di libro |
| Lingua: | slovacco |
| Soggetti: | |
| Tags: |
Nessun Tag, puoi essere il primo ad aggiungerne!!
|
MARC
| LEADER | 00000naa$a2200000$$$4500 | ||
|---|---|---|---|
| 001 | 0004738 | ||
| 005 | 20230825085812.3 | ||
| 041 | 0 | |a slo | |
| 044 | |a SK | ||
| 245 | 1 | 0 | |a Zapojenie SR do medzinárodnej spolupráce v oblasti informačnej spoločnosti v doprave |c aut. Ján Mikula |
| 520 | |a Výskumný ústav dopravný a zapojenie SR do medzinárodnej spolupráce. Príprava niekoľkých medzinárodných projektov. Stručný popis a charakteristika projektov CONNECT, ACCESS, IAGALA. | ||
| 610 | 2 | 0 | |a doprava |
| 610 | 2 | 0 | |a Slovensko |
| 610 | 2 | 0 | |a spolupráca medzinárodná |
| 610 | 2 | 0 | |a projekty |
| 610 | 2 | 0 | |a telematika |
| 610 | 2 | 0 | |a doprava cestná |
| 610 | 2 | 0 | |a Európska únia |
| 100 | 1 | |a Mikula, Ján | |